| 000 | 01170cam a22003254a 4500 | ||
|---|---|---|---|
| 001 | 16871700 | ||
| 003 | Nust- CAS-E | ||
| 005 | 20180118181357.0 | ||
| 008 | 110714s2012 njua b 001 0 eng | ||
| 010 | _a 2011024331 | ||
| 020 | _a9781118004395 | ||
| 040 |
_aDLC _cDLC _dDLC |
||
| 042 | _apcc | ||
| 050 | 0 | 0 |
_aTK3226 _b.B355 2012 |
| 082 | 0 | 0 |
_a621.319130285 _223 _bSMA 2012 |
| 245 | 1 | 0 |
_aSmart grid : _bapplications, communications, and security / _cLars Torsten Berger & Krzysztof (Kris) Iniewski. |
| 260 |
_aHoboken, N.J. : _bWiley, _cc2012. |
||
| 300 |
_axviii, 464 p. : _bill. ; _c25 cm. |
||
| 504 | _aIncludes bibliographical references and index. | ||
| 650 | 0 |
_aElectric power distribution _xAutomation. |
|
| 650 | 0 |
_aElectric power distribution _xData processing. |
|
| 650 | 0 |
_aElectric power distribution _xSecurity measures. |
|
| 650 | 0 | _aTelecommunication systems. | |
| 650 | 0 | _aSmart power grids. | |
| 700 |
_aIniewski, Krzysztof, _d1960- |
||
| 710 | 1 | _4Berger, Lars T. | |
| 906 |
_a7 _bcbc _corignew _d1 _eecip _f20 _gy-gencatlg |
||
| 942 |
_2ddc _cBK |
||
| 999 |
_c355311 _d355311 |
||